000 00747nam a2200229 i 4500
999 _c27116
_d27116
001 C2-0109223
003 PPAK
005 20190622104107.0
008 970622s1971 my a|||| ||||| | may d
040 _aPPAK
_beng
_cPPAK
_erda
082 0 4 _a923.1595112
_223
090 0 0 _a923.1595112
_bBUK
_dKK
090 0 0 _a923.1595112
_bBUK
_dKSI
245 0 0 _aBuku Kenangan Hari Keputeraan yang Keempat Puluh Tiga Duli Yang Maha Mulia Sultan Abdul Halim Mu'azam Shah
264 1 _aKuala Lumpur :
_b[Berjaya Printing Press] ,
_c[1971]
300 _a[104 pages] :
_billustrations ;
_c27 cm
336 _2rdacontent
_atext
337 _2rdamedia
_aunmediated
338 _2rdacarrier
_avolume
650 1 0 _aHead of State - Biography - Kedah
942 _cB
_2ddc